Deepening faith, dealing with doubts, coping with trials, getting assurance. (Record no. 10857)

MARC details
000 -LEADER
fixed length control field 00592nam a22002052 4500
001 - CONTROL NUMBER
control field 0000005894
005 - DATE AND TIME OF LATEST TRANSACTION
control field 20151217154356.0
008 - FIXED-LENGTH DATA ELEMENTS--GENERAL INFORMATION
fixed length control field 070809s xx 000 0 eng d
020 ## - INTERNATIONAL STANDARD BOOK NUMBER
International Standard Book Number 1870855507 :
Terms of availability KES 7900
040 ## - CATALOGING SOURCE
Original cataloging agency KABU
Transcribing agency KABU
050 #0 - LIBRARY OF CONGRESS CALL NUMBER
Classification number BV4637
Item number .M37
100 1# - MAIN ENTRY--PERSONAL NAME
Personal name Masters, Peter.
-- 0000157168
245 10 - TITLE STATEMENT
Title Deepening faith, dealing with doubts, coping with trials, getting assurance.
260 ## - PUBLICATION, DISTRIBUTION, ETC. (IMPRINT)
Place of publication, distribution, etc. London :
Name of publisher, distributor, etc. Wakeman,
Date of publication, distribution, etc. 2006.
300 ## - PHYSICAL DESCRIPTION
Extent 139 p.
650 #0 - SUBJECT ADDED ENTRY--TOPICAL TERM
Topical term or geographic name as entry element Faith.
-- 0000157169
908 ## - PUT COMMAND PARAMETER (RLIN)
Put command parameter 070809
950 ## - LOCAL HOLDINGS (RLIN)
-- 1
Holdings
Withdrawn status Lost status Source of classification or shelving scheme Not for loan Home library Current library Date acquired Total Checkouts Full call number Barcode Date last seen Date last checked out Price effective from Koha item type
    Library of Congress Classification   Kabarak, Main Campus Kabarak, Main Campus 17/12/2015 2 BV4637 .M37 000834 01/03/2022 21/02/2022 17/12/2015 General Collection
Designed with assistance from East African Informatics Ltd